| 000 | 00522nam a22001337a 4500 | ||
|---|---|---|---|
| 008 | 130815b xxu||||| |||| 00| 0 eng d | ||
| 022 | _a 1935-3979 | ||
| 245 |
_aFirst Peoples Theology Journal _c Indigenous Theological Training Institute. |
||
| 260 |
_aNew YORK _bIndigenous Theological Training Institute _c2000 |
||
| 300 | _a Periodicals | ||
| 440 | _aa journal devoted to the study and expression of indigenous theology | ||
| 650 | _v Indigenous Theological Training Institute -- Periodicals. | ||
| 942 |
_2lcc _cPER |
||
| 999 |
_c42113 _d42113 |
||